[Event "EU Union-ch U10 19th"]
[Site "Mureck"]
[Date "2022.08.03"]
[Round "1"]
[White "Borgoiakova, Ailana"]
[Black "Atlas, Daniel"]
[Result "1-0"]
[WhiteElo "903"]
[BlackElo "1357"]
[PlyCount "101"]
[EventDate "2022.08.03"]
[EventType "swiss"]
[EventRounds "9"]
[EventCountry "AUT"]
[SourceTitle "EXT 2023"]
[Source "ChessBase"]
[SourceDate "2022.10.05"]
[SourceVersion "1"]
[SourceVersionDate "2022.10.05"]
[SourceQuality "1"]

1. e4 e5 2. Nf3 Nc6 3. Bb5 d6 4. h3 a6 5. Ba4 b5 6. Bb3 Nf6 7. 0-0 Na5 8. a4 Nxb3 9. cxb3 Be6 10. Nc3 b4 11. Ne2 g6 12. Qc2 Qd7 13. Ng5 Rc8 14. Nxe6 Qxe6 15. Qc6+ Qd7 16. Qxa6 Nxe4 17. Qc4 d5 18. Qc2 c5 19. d3 Nd6 20. Re1 Bg7 21. Be3 Qc6 22. Bg5 h6 23. Bh4 0-0 24. a5 Rfe8 25. Kh1 e4 26. dxe4 Rxe4 27. Bg3 Rce8 28. f3 R4e6 29. Nf4 Rxe1+ 30. Bxe1 Nf5 31. Qd1 Nd4 32. a6 Rxe1+ 33. Qxe1 Nc2 34. Qb1 Nxa1 35. Qxa1 c4 36. a7 Qa8 37. Nxd5 Bd4 38. Nxb4 Bxa7 39. bxc4 Qb7 40. Nd3 Bd4 41. c5 Qb3 42. Qa8+ Kg7 43. Qe4 Qd1+ 44. Kh2 Qg1+ 45. Kg3 Bxc5 46. Qe5+ f6 47. Qc7+ Kh8 48. Nxc5 h5 49. Ne6 h4+ 50. Kxh4 Qf2+ 51. g3 1-0

[Event "AUT-ch U10"]
[Site "St Veit"]
[Date "2022.06.05"]
[Round "4"]
[White "Atlas, Daniel"]
[Black "Klug, Daniel"]
[Result "0-1"]
[WhiteElo "1357"]
[BlackElo "987"]
[PlyCount "58"]
[EventDate "2022.06.04"]
[EventType "swiss"]
[EventRounds "7"]
[EventCountry "AUT"]
[SourceTitle "EXT 2023"]
[Source "ChessBase"]
[SourceDate "2022.10.05"]
[SourceVersion "1"]
[SourceVersionDate "2022.10.05"]
[SourceQuality "1"]

1. e4 c5 2. Nf3 Nc6 3. g3 e5 4. Bg2 Nf6 5. d3 Be7 6. Be3 d6 7. Nc3 Be6 8. 0-0 Nd4 9. Ne2 0-0 10. c3 Nxf3+ 11. Bxf3 Bh3 12. Re1 Qb6 13. Rb1 Qc7 14. Nc1 c4 15. Kh1 b5 16. Rg1 Qd7 17. g4 d5 18. exd5 Nxd5 19. Rg3 Nxe3 20. fxe3 cxd3 21. Rxh3 Rad8 22. Rg3 d2 23. Nb3 Qd3 24. Rg2 Qxe3 25. Rxd2 Rxd2 26. Nxd2 Rd8 27. Qf1 Rxd2 28. Re1 Qf4 29. Re4 Qxh2# 0-1